000
00301nam a2200121Ia 4500
008
190216s9999||||xx |||||||||||||| ||und||
100
_a
"David A.Aaker,V.Kumar,George S. Day"
245
0
_a
Marketing Research 9thedn
260
_b
Wiley India
_c
2009
300
_a
775
650
_a
Marketing
942
_c
BK
999
_c
7896
_d
7896